000
00321 a2200109 4500
001
ART_47116
005
20260410161843.0
008
260409a
245
1
0
_a
El Jefe de Gobierno de la Ciudad de Buenos Aires
100
1
_a
Bianchi, Alberto B.
773
0
_t
RAP
_g
- Año 40, Nº 473 (feb. 2018)
_w
REV5941
999
_c
24248
_d
24248